Chefs d'État Historiques - Statistiques

Statistiques générales
  • Ce quiz a été pris 127 fois
  • Le résultat moyen est 8 sur 10
Statistiques - réponses
Question Réponse % Correct
Quel dirigeant a été à la tête de l'Allemagne nazie pendant la Seconde Guerre mondiale ? Adolf Hitler
100%
Quel dirigeant français a été couronné Empereur en 1804 ? Napoléon Bonaparte
100%
Quel Président sud-africain a joué un rôle clé dans la fin de l'apartheid ? Nelson Mandela
97%
Qui était le Premier Ministre du Royaume-Uni pendant la Seconde Guerre mondiale ? Winston Churchill
97%
Qui était le Premier Président des États-Unis ? George Washington
94%
Qui était le leader soviétique pendant la Seconde Guerre mondiale ? Joseph Staline
94%
Quel dirigeant chinois a fondé la République Populaire de Chine en 1949 ? Mao Zedong
91%
Quel roi britannique a régné pendant la Première Guerre mondiale ? George V
74%
Quel dirigeant de l'Inde a mené le mouvement pour l'indépendance contre la domination britannique ? Mohandas Gandhi
60%
Quel dirigeant a dirigé l'Empire Ottoman durant la Première Guerre mondiale ? Mehmed V
29%
Aucun quiz correspondant
Distribution des résultats
% des personnes avec chaque résultat
Percentile par nombre de réponses
Votre historique - résultats
Vous n’avez pas pris ce quiz